000 00544nam a2200181Ia 4500
008 090123s9999 xx 000 0 und d
082 _b17069
_a891.463/नाईक
100 _aनाईक गुरूनाथ
245 _aविद्रोही
250 _a1
260 _bपुजा प्रकाशन
_c1989
300 _a183
600 _aनाईक गुरूनाथ
630 _aविद्रोही
700 _aनाईक गुरूनाथ
730 _aविद्रोही
942 _cBOOK
999 _c55129
_d55129